000 00692nam a2200229 a 4500
999 _c938
_d938
001 938
003 BD-JhCC
005 20220814134022.0
008 171011s1999 bg |||| ||a| 000 0 ben d
020 _a9784120802
035 _a(BD-JhCC)938
040 _aBD-JhCC
_dBD-JhCC
041 _aben
082 _a891.443
_bAHM 1999
100 _aআহমেদ, হুমায়ূন
245 _aইস্টিশন /
_cহুমায়ূন আহমেদ
260 _aঢাকা :
_bঅনন্যা প্রকাশনী,
_c১৯৯৯.
300 _a92 p. :
_bill. ;
_c22 cm.
650 _aBengali Literature
_xLiterature
_zBangldesh
942 _2ddc
_cBK
_010